000 01004nam a22002895i 4500
001 11504
003 ES-MaACL
005 20250831014556.0
007 t|
008 921002s1992 sp ||||0| spa j
020 _a84-7100-293-0 (rúst.)
040 _aM-BN
_bspa
_cM-BN
080 _a973"1775/83"
080 _a98(=60)"1806/30"
100 0 _aSimmons, Merle E.
_9106491
245 1 3 _aLa revolución norteamericana en la independencia de Hispanoamérica /
_cMerle E. Simmons.
260 _aMadrid :
_bMAPFRE,
_c[1992]
300 _a372 p ;
_c23 cm.
490 1 _aColección España y Estados Unidos ;
_v5
500 _aIndices.
504 _aBibliografía: p. [357]361.
651 4 _aEstados Unidos-
_xHistoria-
_y1775-1783, Revolución.
_98542
651 4 _aAmérica española-
_xHistoria-
_y1806-1830, Guerras de la Independencia.
_97726
830 0 0 _aColección España y Estados Unidos (Mapfre)
_v5
_9179133
852 _aES-MaACL
_jL-18829
_bR.124056
999 _c11504
_d11504